BIBLIOTECA

SENCICO

Manual de fontanería : Herramientas (Registro nro. 3331)

Detalles MARC
000 -LEADER
fixed length control field 00539nam a2200193Ia 4500
005 - DATE AND TIME OF LATEST TRANSACTION
control field 20251020182611.0
008 - FIXED-LENGTH DATA ELEMENTS--GENERAL INFORMATION
fixed length control field 200515s9999 xx 000 0 und d
082 ## - DEWEY DECIMAL CLASSIFICATION NUMBER
Classification number SC/628/B57
100 ## - MAIN ENTRY--PERSONAL NAME
Personal name BLANES, Octavio
245 #0 - TITLE STATEMENT
Title Manual de fontanería : Herramientas
260 ## - PUBLICATION, DISTRIBUTION, ETC.
Place of publication, distribution, etc. Barcelona
260 ## - PUBLICATION, DISTRIBUTION, ETC.
Date of publication, distribution, etc. 1978
300 ## - PHYSICAL DESCRIPTION
Extent 189
520 ## - SUMMARY, ETC.
Summary, etc. Recopila todas las herramientas necesarias para una aplicación en el campo de la fontanería
650 ## - SUBJECT ADDED ENTRY--TOPICAL TERM
Topical term or geographic name entry element HERRAMIENTAS
650 ## - SUBJECT ADDED ENTRY--TOPICAL TERM
Topical term or geographic name entry element INSTALACIONES SANITARIAS
650 ## - SUBJECT ADDED ENTRY--TOPICAL TERM
Topical term or geographic name entry element MANUALES
942 ## - ADDED ENTRY ELEMENTS (KOHA)
Koha item type Libros
Existencias
Fecha de la última vez que lo usaron Pago total Signatura topográfica completa Código de barras Precio efectivo desde Tipo de documento Estado perdido Estado dañado No es para préstamo Retirado Ubicación permanente Ubicación actual Fecha de adquisición
15/05/2020   SC/628/B57 Bib-Lima15053331 15/05/2020 Libros         Biblioteca Central Lima Biblioteca Central Lima 15/05/2020